000 00647nam a22002057a 4500
005 20251108173406.0
008 250721s2004 xx 000 0 ara d
020 _a9773530299
082 1 4 _a414/جرج
100 1 _aالجرجاني، أبو بكر عبد القاهر عبد الرحمن النحوي
_eمؤلف
245 1 0 _aكتاب دلائل الإعجاز /
250 _aط5
264 1 _aالقاهره :
_bمكتبة الخانجي،
_c2004.
300 _a684ص
650 1 7 _aالبلاغة
650 1 7 _aاللغة العربية
700 1 _aشاكر، محمود محمد
_eشارح
942 _2ddc
_cBK
999 _c102827
_d102827